000 00451nmm a2200169Ia 4500
008 251105s9999||||xx |||||||||||||||||und||
020 _a9788446037293
041 _aspa
100 _aVarios autores
245 0 _aQué hacemos con la educación
264 _a[Madrid, España] :
_bAkal,
_c2012
300 _a64 páginas
490 _aQué hacemos
650 _aEducation
856 _uhttps://public.digitaliapublishing.com/a/27970
942 _cCF
999 _c82928
_d82928